Quiz The Vampire Diaries - saison 4 - Statistiques

Statistiques générales
  • Ce quiz a été pris 84 fois
  • Le résultat moyen est 16 sur 30
Statistiques - réponses
Question Réponse % Correct
Que fait Elena quand elle est sur la moto de Stefan ? Elle se met debout et écarte les bras.
87%
Pourquoi Elena ne garde-t-elle pas le sang dans son organisme ? Parce qu'elle est liée à Damon, et qu'il lui a dit de se nourrir de sang pris dans une veine
87%
Pourquoi Stefan frappe-t-il Damon ? Parce qu'il a fait boire son sang a Elena
87%
Où atterrit le crayon de papier lancé par Rebekah ? Dans l'épaule d'Elena
83%
Que fait le chasseur Connor pour reconnaître les vampires ? Il se fait serrer la main, celle-ci étant couverte de verveine.
83%
Que recherche Elena dans les placards de Damon ? Le pieu en chêne blanc
81%
Sur qui se nourrit-elle de sang humain la première fois ? Matt
77%
Comment s'appelle la fille dont Rebekah se sert pour provoquer Elena avec son sang ? Heather
71%
Qui demande à Damon si c'est lui qui a explosé le conseil ? Liz, Elena
69%
Pourquoi Damon dit-il à Elena de ne rien dire à Stefan, quand il s'apprête à lui faire boire son sang ? Parce que c'est trop personnel
68%
Dans le 4x01, que dit Stefan pour résumer la série ? Mystic Falls, je suis né ici. C'est chez moi.
66%
Dans l'épisode 4x02, de quel animal Elena boit-elle le sang pour la première fois ? Une biche
58%
Que fait Klaus dans le corps de Tyler, pour convaincre Bonnie de le remettre dans son corps ? Il sort ses griffes, et s'apprête à arracher le coeur de Tyler.
57%
Dans l'épisode 4x03, que fait Connor du venin de loup-garou qu'il a pris à Tyler ? Il fait en sorte d'en mettre dans la boisson pour la fête de Rebekah.
56%
Quand Elena dit à Stefan : " Comment tu as pu. . " et que Damon lui coupe la parole, que dit-il ? Te sauver ? Il ne l'a pas fait.
56%
Que propose Damon à Elena comme repas au Mystic Grill ? Tu as fusion asiatique, mexicaine, et pourquoi pas de la bonne vieille nourriture américaine ?
53%
Quel bruit entend-on tout au début de cet épisode ? Des oiseaux, une cloche, des pompiers, une tronçonneuse
51%
Où Rebekah jette-t-elle la bague d'Elena ? Dans le broyeur
43%
Que dit Elena, quand elle comprend ce qui lui est arrivé ? Oh, mon Dieu !
42%
Comment Damon qualifie-t-il ironiquement son frère ? De héros
40%
Qu'entend-on Damon dire à propos du chasseur ? Qu'il va lui arracher la tête, le manger, le tuer, lui arracher le coeur et lui faire manger
39%
Que croit faire Rebekah à Matt dans ses hallucinations ? Lui arracher le coeur
35%
Depuis combien de temps Stefan dit-il à Elena qu'elle a été inconsciente ? Depuis des heures
30%
Quelle chanson passe à ce moment ? Marina & The Diamonds ' Fear And Loathing '
30%
Quelle est la cause écrite de l'explosion dans le journal ? Une ligne de gaz défectueuse a conduit à une tragique explosion.
30%
Que dit Hayley à Tyler quand elle le revoit pour la première fois ? Donc c'est ici que tu te caches, hein ?
27%
Que dit Klaus à Tyler à propos de son coeur arrêté dans l'épisode 3 x 21 ? J'aurais dû te tuer, pour la petite farce que toi et tes amis m'avez faite. . En arrêtant mon coeur. .
26%
Que dit Elena à Damon, quand il est sur le chemin de l'église, pour lui apporter une robe de rechange ? Damon, dépêche !
22%
Que dit April quand elle revoit Jeremy pour la première fois ? Jeremy ? Image d' 'emo', d'elfes coupés et accolables.
12%
Que dit Jeremy au chasseur quand il voit son tatouage ? Chouette encre !
9%
Aucun quiz correspondant
Distribution des résultats
% des personnes avec chaque résultat
Percentile par nombre de réponses
Votre historique - résultats
Vous n’avez pas pris ce quiz